| 000 | 00945nam a2200265 i 4500 | ||
|---|---|---|---|
| 001 | 147108 | ||
| 003 | ES-MaACL | ||
| 005 | 20230906201813.0 | ||
| 007 | t| | ||
| 008 | 070921s1971 sp ||||1| spa d | ||
| 080 | _a324(46)"1936" | ||
| 080 | _a946"1931/39" | ||
| 100 | 1 |
_aTusell, Javier. _9111767 |
|
| 245 | 1 | 4 |
_aLas elecciones del Frente Popular en España / _cJavier Tusell Gómez ; [con la colaboración de Octavio Ruiz Manjón ... et al.]. |
| 260 |
_aMadrid : _bCuadernos para el Diálogo, _c1971. |
||
| 300 |
_a2 v. ; _c18 cm. |
||
| 490 | 1 |
_aITS. Divulgación universitaria ; _v31-32 |
|
| 650 | 1 | 4 |
_aElecciones- _zEspaña- _y1931-1939. _912145 |
| 651 | 4 |
_aEspaña- _xHistoria- _y1931-1939, II República. _98283 |
|
| 700 | 1 |
_aRuiz Manjón, Octavio. _9100860 |
|
| 710 | 2 |
_aCuadernos para el Diálogo. _93333 |
|
| 830 | 1 |
_aITS. Divulgación universitaria ; _v31-32 _9220901 |
|
| 852 |
_aES-MaACL _jC-45911 |
||
| 999 |
_c147108 _d147108 |
||